000 01135nam a22002657a 4500
005 20110606164626.0
008 110606t xxu||||| |||| 00| 0 eng d
010 _aENG-102554
020 _a9789350248003
_c240.00
035 _aEN-86087
037 _bDBAD/PUB
040 _aDPL
_bEng
082 _a658.402
100 _928359
_aTripathi, D. K.
245 _aTeam building and leadership-with text and cases for MBA, MCA, PGDM, BBA, BCA, courtses and other management professionals /
_cby D. K. Tripathi
260 _aMumbai
_bHimalaya Publishing House
_c2011
270 _a"Ramdoot", Dr. Bhalerao Marg, Girgaon
_bMumbai
_e400004
_k022-23860170/23863863
300 _a288p. :
_c24 cm (pbk)
_bill.
500 _aIncludes bibliographical references
650 _928360
700 _928362
942 _2ddc
_cEN
_mTRI
_h658.402
999 _c52759
_d52759